The Relevance of Indian Philosphy to Contemporary Western Philosophy/ (Record no. 206028)

MARC details
000 -LEADER
fixed length control field 00668nam a22001937a 4500
005 - DATE AND TIME OF LATEST TRANSACTION
control field 20241001112110.0
010 ## - LCCN (DPL NO)
LC control number ENG-141859
020 ## - INTERNATIONAL STANDARD BOOK NUMBER
Terms of availability 300.00
International Standard Book Number 9789391706081
035 ## - SYSTEM CONTROL NUMBER
System control number EN-125391
037 ## - SOURCE OF ACQUISITION
Source of stock number/acquisition DBAD
082 ## - DEWEY DECIMAL CLASSIFICATION NUMBER
Classification number 181.4
Edition number 1
100 ## - MAIN ENTRY--PERSONAL NAME
Personal name Shaw, J.L.
245 ## - TITLE STATEMENT
Title The Relevance of Indian Philosphy to Contemporary Western Philosophy/
Statement of responsibility, etc By J.L. Shaw
250 ## - EDITION STATEMENT
Edition statement 1
260 ## - PUBLICATION, DISTRIBUTION, ETC. (IMPRINT)
Place of publication, distribution, etc Kolkata
Name of publisher, distributor, etc The Ramakrishna Mission Institute Of Culture
Date of publication, distribution, etc 2022
270 ## - ADDRESS
City Kolkata
Address The Ramakrishna Mission Institute Of Culture Gol Park, Kolkata India
Postal code 700029
Electronic mail address rmicsale@gmail.com
300 ## - PHYSICAL DESCRIPTION
Extent 200p.
Dimensions 22cm(hb)
942 ## - ADDED ENTRY ELEMENTS (KOHA)
Source of classification or shelving scheme Dewey Decimal Classification
Item type English Books
Classification part 181.4
Call number suffix SHA
Edition 1

No items available.


© Delhi Public Library
Hit Counter
free hit counter